| 000 | 00385nam a2200145Ia 4500 | ||
|---|---|---|---|
| 008 | 240624s9999 xx 000 0 und d | ||
| 041 | _aeng | ||
| 082 | _a658.83 FIF | ||
| 100 | _aFIFIELD PAUL | ||
| 245 | _aMARKETING STRATEGY THE DIFFERENCE BETWEE | ||
| 250 | _a(3rd ed.) | ||
| 260 |
_c2009 _aNoida _bButterworth-Heinemann Elsevier |
||
| 300 | _ax, : 316p. ; 22cm. | ||
| 365 |
_cRS _b35 |
||
| 999 |
_c13835 _d13835 |
||